Normal view
MARC view
- Engr. Fahim Ullah
Entry Personal Name
001 - CONTROL NUMBER
- control field: 26255
003 - CONTROL NUMBER IDENTIFIER
- control field: NUST
005 - DATE AND TIME OF LATEST TRANSACTION
- control field: 20191126161935.0
008 - FIXED-LENGTH DATA ELEMENTS
- fixed length control field: 191126|| aca||aabn | a|a d
040 ## - CATALOGING SOURCE
- Original cataloging agency: NUST
- Transcribing agency: NUST
100 ## - HEADING--PERSONAL NAME
- Personal name: Engr. Fahim Ullah
670 ## - SOURCE DATA FOUND
- Source citation: Work cat.: (NUST): Engr. Fahim Ullah, Construction Engineering and Management ......\, c2015
